Ekonomické nástroje v politice životního prostředí: drahé daně a nízká účinnost

Ekonomické nástroje environmentálnej politiky. Problematika využitia ekonomických nástrojov v ochrane životného prostredia v teoretickej rovine. Metodický prístup pre hodnotenie efektívnosti a účinnosti ekonomických nástrojov ochrany životného prostredia. Výsledky hodnotenia efektívnosti ekonomickýc...

Celý popis

Uložené v:
Podrobná bibliografia
Hlavný autor: Pavel, Jan
Ďalší autori: Slavíková, Lenka, Jílková, Jiřina
Médium: Kapitola
Jazyk:Czech
Predmet:
Tagy: Pridať tag
Žiadne tagy, Buďte prvý, kto otaguje tento záznam!

MARC

LEADER 00000naa$a2200000$$$4500
001 0093584
005 20231102114128.3
041 0 |a cze 
044 |a SK 
245 1 0 |a Ekonomické nástroje v politice životního prostředí: drahé daně a nízká účinnost  |c Jan Pavel, Lenka Slavíková, Jiřina Jílková 
520 |a Ekonomické nástroje environmentálnej politiky. Problematika využitia ekonomických nástrojov v ochrane životného prostredia v teoretickej rovine. Metodický prístup pre hodnotenie efektívnosti a účinnosti ekonomických nástrojov ochrany životného prostredia. Výsledky hodnotenia efektívnosti ekonomických nástrojov v ochrane životného prostredia v Českej republike. 
610 2 0 |a Česko 
610 2 0 |a politika ekologická 
610 2 0 |a politika environmentálna 
610 2 0 |a prostredie životné 
610 2 0 |a ochrana prostredia životného 
610 2 0 |a dane 
610 2 0 |a efektívnosť 
100 1 |a Pavel, Jan 
700 1 |a Slavíková, Lenka 
700 1 |a Jílková, Jiřina